Films d'animation se déroulant à Tokyo par images - Statistiques

Statistiques générales
  • Ce quiz a été pris 105 fois
  • Le résultat moyen est 9 sur 16
Statistiques - réponses
Par images Réponse % Correct
Cars 2
100%
Your Name.
91%
Détective Conan : Le Gratte-Ciel infernal
87%
Akira
67%
Sailor Moon : Les Fleurs maléfiques
66%
Le Vent se lève
64%
Suzume
56%
Jujutsu Kaisen 0
55%
Le Garçon et le Héron
53%
Pompoko
52%
Doraemon et moi
40%
Si tu tends l'oreille
38%
Les Enfants du temps
35%
Bubble
31%
Tokyo Godfathers
27%
Souvenirs goutte à goutte
21%
Aucun quiz correspondant
Distribution des résultats
% des personnes avec chaque résultat
Percentile par nombre de réponses
Votre historique - résultats
Vous n’avez pas pris ce quiz